000 01637nac a2200397 i 4500
003 EG-ScBUE
005 20241121103533.0
008 100322t2006 ny a f b 001 0 eng d
020 _a007291873X (hard copy : alk. paper)
020 _a9780071244299
020 _a0071244298
040 _aEG-ScBUE
_beng
_erda
_cEG-ScBUE
_dEG-ScBUE
082 0 4 _a518.02462
_bCHA
_222
100 1 _aChapra, Steven C.,
_eauthor.
_912958
245 1 0 _aNumerical Methods for Engineers /
_cSteven C. Chapra, berger chair in computing and engineering, Tufts University, Raymond P. Canale, professor emeritus of civil engineering, University of Michigan.
250 _aFifth edition.
250 _aInternational edition.
264 1 _aNew York :
_bMcGraw-Hill Education,
_c[2006]
264 4 _cc2006
300 _axviii, 926 pages :
_billustrations ;
_c24 cm
336 _2rdacontent
_atext
_btxt
337 _aunmediated
_2rdamedia
_bn
338 _avolume
_bnc
_2rdacarrier
504 _aIncludes bibliographical references and index.
590 _aCatalogued by : Mostafa El-Helaly
650 7 _aEngineering mathematics
_xData processing.
_912959
_2BUEsh
650 7 _aNumerical calculations
_xData processing
_912960
_2BUEsh
650 7 _aMicrocomputers
_xProgramming.
_912961
_2BUEsh
651 _2BUEsh
653 _cAugust2015
655 _vReading book
700 1 _aCanale, Raymond P.,
_eauthor.
_912962
856 4 2 _3Publisher description
_uhttp://www.loc.gov/catdir/enhancements/fy0702/2005008475-d.html
856 4 2 _3Table of contents only
_uhttp://www.loc.gov/catdir/enhancements/fy0702/2005008475-t.html
942 _cBB
_2ddc
999 _c7988
_d7988